|
|
|
|
| LEADER |
00000nam#a22000001ab4500 |
| 001 |
00016575 |
| 003 |
AR-BaUAD |
| 005 |
20230908142118.0 |
| 008 |
030814s1978####sp#||||##||||||||#||spa|d |
| 020 |
|
|
|a 8430107096
|
| 040 |
|
|
|a AR-BaUAD
|b spa
|c AR-BaUAD
|
| 041 |
|
|
|a spa
|
| 044 |
|
|
|c es
|2 ISO3166-1
|
| 100 |
1 |
|
|a Ladriere, Jean
|
| 245 |
1 |
3 |
|a El reto de la racionalidad :
|b la ciencia y la tecnología frente a las culturas
|
| 260 |
|
|
|a Salamanca :
|b Ediciones Sígueme,
|c 1978
|
| 300 |
|
|
|a 196 p.
|
| 490 |
|
|
|a Hermeneia ;
|v 11
|
| 500 |
|
|
|a Prólogo: p. 9-10.
|
| 500 |
|
|
|a Introducción: p. 11-20.
|
| 500 |
|
|
|a Apéndice: p. 195-196.
|
| 653 |
|
|
|a CIENCIA
|
| 653 |
|
|
|a TECNOLOGIA
|
| 653 |
|
|
|a ETICA
|
| 653 |
|
|
|a ESTETICA
|
| 653 |
|
|
|a CULTURA
|
| 655 |
|
|
|a TEXTO
|
| 852 |
|
|
|c 118-5
|
| 952 |
|
|
|0 0
|1 0
|4 0
|6 1185
|7 0
|9 37326
|a AR-BaUAD
|b AR-BaUAD
|d 0000-00-00
|e donac. Gracia Cutuli
|g 25.00
|i 16575
|l 0
|o 118-5
|p 7z3um16575
|r 2023-09-08 14:21:18
|w 2023-09-08
|y BK
|
| 990 |
|
|
|a Ej. No1 : 16575 . 21/4/2003 -- donac. Gracia Cutuli -- (25 pesos).
|b ADM
|
| 990 |
|
|
|a CE197
|b TD
|
| 990 |
|
|
|a AAQ00016575
|b CC
|
| 998 |
|
|
|a AAQ
|b Bibun 76
|
| 942 |
|
|
|c BK
|
| 999 |
|
|
|c 18731
|d 18731
|